000 00362nam a2200157Ia 4500
008 210716s2009 xx 000 0 und d
020 _a9788130910765
041 _aeng
082 _a657.2 ACCO
100 _aBPP learning media
245 _aAccounts.
250 _a1
260 _aNew Delhi
_bViva Books
_c2009
300 _a254
650 _aAccounting(657)
999 _c205358
_d205358